000
00313nam a2200121Ia 4500
005
20251222144641.0
008
251222s9999||||xx |||||||||||||| ||spa||
082
_a
232.91/M96/T.II
100
_a
Ramón J. de Muñana
245
0
_a
Lecciones marianas
264
_b
El Mensajero del Corazón de Jesús
942
_c
LIB
999
_c
16702
_d
16702